Game of Thrones Castles Quiz Stats

Quiz Updated Aug 14, 2012

Challenge
Share
Tweet
Embed
Score 0/21 Timer 03:00
6 Plays Today
Hint Castle % Correct
The main castle in the North where the Stark family has ruled for generationsWinterfell
99%
Castle of the Lannisters, very wealthy in goldCasterly Rock
91.3%
The main remaining stronghold of the Night's WatchCastle Black
87.5%
The castle in King's Landing, where the king of Westeros rules from the Iron ThroneRed Keep
85.6%
Impregnable castle held by the Arryn familyEyrie
82.4%
Castle on the Trident, home to the TullysRiverrun
80.7%
A supposedly haunted castle on the God's EyeHarrenhal
79.4%
Castle of house TyrellHighgarden
79.1%
Ancestral seat of house Targaryen placed on a volcanic islandDragonstone
78.2%
Seat of House Frey and a very convenient way across the TridentThe Twins
76.3%
Fortress of house BaratheonStorm's End
71.1%
Hint Castle % Correct
Castle on an island of the same name, home to the Seastone ChairPyke
69.6%
Stronghold of house BoltonDreadfort
68.8%
Castle of house Martell and capitol of DorneSunspear
67%
Castle of the Karstarks, bannermen to the StarksKarhold
47.9%
Ruined stronghold that protects the Starks from any invasion from the southMoat Cailin
43.4%
Castle of house Glover, sworn to the StarksDeepwood Motte
36.6%
The old Summer palace of house TargaryenSummerhall
28.4%
This is the failing castle of the WesterlingsThe Crag
23.3%
A castle much contested by the Boltons and Manderly's, Houses a family of the same nameHornwood
16.3%
Stronghold of house Locke, sworn to the StarksOldcastle
6.1%

You're not logged in!

Compare scores with friends on all Sporcle quizzes.
Join for Free
OR
Log In

You Might Also Like...

Show Comments

Extras

Top Quizzes Today


Score Distribution

Your Account Isn't Verified!

In order to create a playlist on Sporcle, you need to verify the email address you used during registration. Go to your Sporcle Settings to finish the process.

Report this User

Report this user for behavior that violates our Community Guidelines.

Details: